[Event "Agzamov Memorial 09th"]
[Site "Tashkent"]
[Date "2015.03.12"]
[Round "2"]
[White "Niyazmetov, Ruslan"]
[Black "Volkov, Sergey"]
[Result "0-1"]
[WhiteElo "2230"]
[BlackElo "2614"]
[PlyCount "114"]
[EventDate "2015.03.11"]
[EventType "swiss"]
[EventRounds "9"]
[EventCountry "UZB"]
[SourceTitle "CBM 165 Extra"]
[Source "ChessBase"]
[SourceDate "2015.04.21"]
[SourceVersion "1"]
[SourceVersionDate "2015.04.21"]
[SourceQuality "1"]

1. e4 e6 2. d4 d5 3. Nc3 Nf6 4. Bg5 Bb4 5. e5 h6 6. Bd2 Bxc3 7. bxc3 Ne4 8. Qg4 Kf8 9. Qf4 c5 10. Bd3 Nxd2 11. Qxd2 Nc6 12. Nf3 c4 13. Be2 Ke7 14. 0-0 Kd7 15. g3 Kc7 16. Nh4 Bd7 17. f4 Ne7 18. a4 a5 19. Qc1 Ra6 20. Qa3 Kb8 21. Bg4 g6 22. Ng2 Nc8 23. Ne3 Nb6 24. Rfb1 h5 25. Bh3 h4 26. Bg2 hxg3 27. hxg3 Bc6 28. Ra2 Qc7 29. Nd1 Nxa4 30. Qc1 Ka7 31. Rba1 b5 32. Qe3 Rb8 33. g4 Qd7 34. Bf1 Rbb6 35. Qf2 b4 36. cxb4 axb4 37. Ne3 Bb5 38. Qe1 b3 39. cxb3 cxb3 40. Ra3 Bxf1 41. Qxf1 b2 42. Rb1 Rb4 43. Qd3 Qb7 44. Kf2 Qb6 45. Nc2 Rb5 46. Ke3 Qc6 47. Kd2 Rb7 48. Ne3 Kb8 49. Nc2 Rab6 50. Qh3 Rc7 51. Qd3 Rbb7 52. Rb3 Nb6 53. Ne3 Nc4+ 54. Ke2 Qa4 55. Rxb7+ Rxb7 56. Nd1 Rb3 57. Qc2 Qb5 0-1

[Event "Agzamov Memorial 06th"]
[Site "Tashkent"]
[Date "2012.03.11"]
[Round "6"]
[White "Kotsur, Pavel"]
[Black "Niyazmetov, Ruslan"]
[Result "1-0"]
[WhiteElo "2589"]
[BlackElo "2207"]
[PlyCount "81"]
[EventDate "2012.03.06"]
[EventType "swiss"]
[EventRounds "9"]
[EventCountry "UZB"]
[SourceTitle "CBM 147 Extra"]
[Source "ChessBase"]
[SourceDate "2012.04.24"]
[SourceVersion "1"]
[SourceVersionDate "2012.04.24"]
[SourceQuality "1"]

1. d4 Nf6 2. c4 g6 3. Nc3 Bg7 4. e4 d6 5. Be2 0-0 6. Bg5 c5 7. d5 e6 8. Nf3 exd5 9. exd5 Bg4 10. 0-0 Nbd7 11. h3 Bxf3 12. Bxf3 Re8 13. Qd2 a6 14. a4 Qa5 15. Qc2 h6 16. Bd2 Qc7 17. b3 Re7 18. Rae1 Rae8 19. Rxe7 Rxe7 20. Qc1 Kh7 21. Qb1 Qd8 22. Bd1 Qe8 23. Bc2 Qh8 24. Qd1 Qe8 25. f4 Kg8 26. Qf3 Nh5 27. Ne4 Bd4+ 28. Kh2 Qb8 29. f5 Be5+ 30. Kh1 Kg7 31. g4 Nhf6 32. Bxh6+ Kh7 33. Bg5 Nxe4 34. Qxe4 f6 35. fxg6+ Kg7 36. Bd2 Qh8 37. Kg2 Nf8 38. Rf3 Qh4 39. Bd3 Kg8 40. Qf5 Rg7 41. Qh5 1-0

[Event "Agzamov Memorial 06th"]
[Site "Tashkent"]
[Date "2012.03.07"]
[Round "2"]
[White "Khamrakulov, Djurabek"]
[Black "Niyazmetov, Ruslan"]
[Result "1-0"]
[WhiteElo "2452"]
[BlackElo "2207"]
[PlyCount "63"]
[EventDate "2012.03.06"]
[EventType "swiss"]
[EventRounds "9"]
[EventCountry "UZB"]
[SourceTitle "CBM 147 Extra"]
[Source "ChessBase"]
[SourceDate "2012.04.24"]
[SourceVersion "1"]
[SourceVersionDate "2012.04.24"]
[SourceQuality "1"]

1. e4 e6 2. d4 d5 3. Nd2 dxe4 4. Nxe4 Nd7 5. Nf3 Ngf6 6. Nxf6+ Nxf6 7. Bg5 Be7 8. Bd3 c5 9. c3 cxd4 10. Nxd4 Qd5 11. Nf3 0-0 12. Qe2 Rd8 13. Bc2 Bd7 14. a4 h6 15. Bh4 Bc6 16. 0-0 Qh5 17. Bg3 Bxf3 18. gxf3 Qg5 19. Rad1 Nd5 20. Kh1 g6 21. Rg1 Nf4 22. Qe4 Nh3 23. Rgf1 Rxd1 24. Bxd1 Rd8 25. f4 Qf6 26. Bg4 h5 27. Bxh3 h4 28. Qxb7 hxg3 29. fxg3 Bc5 30. b4 Qe7 31. Bg2 Rd7 32. Qc8+ 1-0

[Event "UZB-ch 1st League"]
[Site "Tashkent"]
[Date "2011.04.15"]
[Round "4"]
[White "Alikulov, Elbek"]
[Black "Niyazmetov, Ruslan"]
[Result "1-0"]
[WhiteElo "2180"]
[BlackElo "2235"]
[PlyCount "39"]
[EventDate "2011.04.12"]
[EventType "tourn"]
[EventRounds "11"]
[EventCountry "UZB"]
[SourceTitle "CBM 142 Extra"]
[Source "ChessBase"]
[SourceDate "2011.06.27"]
[SourceVersion "1"]
[SourceVersionDate "2011.06.27"]
[SourceQuality "1"]

1. e4 c6 2. d4 d5 3. Nc3 dxe4 4. Nxe4 Nd7 5. Ng5 Ngf6 6. Bd3 e6 7. N1f3 Bd6 8. Qe2 h6 9. Ne4 Nxe4 10. Qxe4 Nf6 11. Qe2 c5 12. dxc5 Bxc5 13. Bd2 Qb6 14. 0-0-0 Ng4 15. Ne5 Nxf2 16. Bb5+ Ke7 17. Qh5 g6 18. Qh4+ Kf8 19. Qf6 Nd3+ 20. Bxd3 1-0

[Event "UZB-ch 1st League"]
[Site "Tashkent"]
[Date "2011.04.13"]
[Round "2"]
[White "Karimov, Ibragim"]
[Black "Niyazmetov, Ruslan"]
[Result "1-0"]
[WhiteElo "2345"]
[BlackElo "2235"]
[PlyCount "91"]
[EventDate "2011.04.12"]
[EventType "tourn"]
[EventRounds "11"]
[EventCountry "UZB"]
[SourceTitle "CBM 142 Extra"]
[Source "ChessBase"]
[SourceDate "2011.06.27"]
[SourceVersion "1"]
[SourceVersionDate "2011.06.27"]
[SourceQuality "1"]

1. Nf3 d5 2. g3 Bg4 3. Bg2 Nd7 4. c4 e6 5. b3 Ngf6 6. Bb2 Be7 7. h3 Bh5 8. d3 0-0 9. Nbd2 c6 10. 0-0 h6 11. a3 a5 12. cxd5 cxd5 13. Rc1 Bg6 14. Qc2 Bc5 15. Qb1 Qe7 16. Qa1 Rfd8 17. Rfe1 Rac8 18. Nd4 e5 19. Nb5 e4 20. dxe4 dxe4 21. e3 Nf8 22. Nc4 Ne6 23. h4 Ng4 24. Ne5 Nxe5 25. Bxe5 f6 26. Bc3 Qd7 27. Bf1 Bb6 28. Red1 Qe7 29. b4 Bh5 30. Rxd8+ Rxd8 31. bxa5 Bc5 32. Qb1 f5 33. Bb4 Bxb4 34. Qxb4 Qd7 35. Qb2 g5 36. Qf6 gxh4 37. Qxh4 Qd2 38. Qxh5 Qxc1 39. Qg6+ Ng7 40. Nd6 Qd1 41. Nxf5 Rd7 42. Nxh6+ Kh8 43. Nf7+ Kg8 44. Ng5 Kf8 45. Nh7+ Kg8 46. Nf6+ 1-0

[Event "UZB-ch"]
[Site "Tashkent"]
[Date "2010.05.16"]
[Round "1"]
[White "Niyazmetov, Ruslan"]
[Black "Kasyan, Aleksandr"]
[Result "0-1"]
[WhiteElo "2258"]
[BlackElo "2283"]
[PlyCount "102"]
[EventDate "2010.05.16"]
[EventType "tourn"]
[EventRounds "13"]
[EventCountry "UZB"]
[SourceTitle "EXT 2015"]
[Source "ChessBase"]
[SourceDate "2014.11.20"]
[SourceVersion "1"]
[SourceVersionDate "2014.11.20"]
[SourceQuality "1"]

1. e4 e5 2. Nf3 Nc6 3. Bb5 a6 4. Ba4 Nf6 5. 0-0 Be7 6. Re1 b5 7. Bb3 d6 8. c3 0-0 9. h3 Na5 10. Bc2 c5 11. d4 Qc7 12. Nbd2 cxd4 13. cxd4 Nc6 14. Nb3 a5 15. Be3 a4 16. Nbd2 Nb4 17. Bb1 Bd7 18. a3 Nc6 19. Bd3 Qb7 20. Nf1 Rfe8 21. Ng3 Rab8 22. Rb1 b4 23. d5 Na7 24. axb4 Ra8 25. Bd2 Bd8 26. Bc2 Nc8 27. Ra1 Nb6 28. Bd3 Nc8 29. Bc3 Bb6 30. Nd2 Bd4 31. Nc4 Qb8 32. Bc2 Ba7 33. Qf3 Ne7 34. Kh1 Ng6 35. Nf5 Bxf5 36. exf5 Ne7 37. Bxa4 Rc8 38. Bb3 Nexd5 39. Bd2 Nxb4 40. Bg5 Ne8 41. h4 Nc6 42. Ba4 Nd4 43. Qd3 Bc5 44. b3 f6 45. Be3 d5 46. Na3 Nd6 47. Bxd4 Bxd4 48. Ra2 Qb4 49. Rd1 Ne4 50. Qf1 Bxf2 51. Qd3 Ng3+ 0-1

[Event "UZB-ch 1st League"]
[Site "Tashkent"]
[Date "2010.04.18"]
[Round "8"]
[White "Madjidov, Jasur"]
[Black "Niyazmetov, Ruslan"]
[Result "0-1"]
[WhiteElo "2243"]
[BlackElo "2240"]
[PlyCount "136"]
[EventDate "2010.04.11"]
[EventType "tourn"]
[EventRounds "11"]
[EventCountry "UZB"]
[SourceTitle "EXT 2013"]
[Source "ChessBase"]
[SourceDate "2012.11.22"]
[SourceVersion "1"]
[SourceVersionDate "2012.11.22"]
[SourceQuality "1"]

1. d4 Nf6 2. Nf3 g6 3. Bf4 Bg7 4. e3 d6 5. h3 0-0 6. c3 Re8 7. Bc4 a6 8. a4 Nc6 9. 0-0 Bd7 10. Qb3 e6 11. a5 Qe7 12. Nbd2 Rf8 13. Bh2 e5 14. dxe5 dxe5 15. Qa3 Qxa3 16. Rxa3 Rfe8 17. Ng5 Nd8 18. Rd1 Bc6 19. Raa1 h6 20. Ngf3 Nd7 21. e4 Ne6 22. b4 f6 23. Bd5 Kf7 24. Nc4 Ndf8 25. Ne1 Ke7 26. Nc2 h5 27. N2e3 Red8 28. Kf1 Rab8 29. g3 Bb5 30. Bxe6 Nxe6 31. Kg2 Bh6 32. Bg1 Rxd1 33. Rxd1 Ke8 34. f3 Bc6 35. Nd5 Kf7 36. Be3 Bxe3 37. Ncxe3 Ba4 38. Ra1 Be8 39. Rd1 Rd8 40. Kf2 Ba4 41. Ra1 Bb5 42. Rd1 Ba4 43. Ra1 Bb5 44. Rd1 Be8 45. Ke2 Ba4 46. Rd2 Bb5+ 47. c4 Be8 48. Rd1 h4 49. Kf2 hxg3+ 50. Kxg3 c6 51. Nb6 Rxd1 52. Nxd1 c5 53. Nd5 cxb4 54. Nxb4 Nc5 55. Nf2 Nb3 56. Nfd3 Nxa5 57. Nc5 Nxc4 58. Nxb7 a5 59. Na2 a4 60. Nc5 Ke7 61. Nc3 a3 62. Nd5+ Kf7 63. Nb4 Nb2 64. f4 Bb5 65. fxe5 fxe5 66. Kg4 Nd3 67. Ncxd3 Bxd3 68. Kf3 Bb1 0-1

[Event "UZB-ch"]
[Site "Tashkent"]
[Date "2009.06.05"]
[Round "7"]
[White "Kasyan, Aleksandr"]
[Black "Niyazmetov, Ruslan"]
[Result "1-0"]
[WhiteElo "2305"]
[BlackElo "2227"]
[PlyCount "59"]
[EventDate "2009.05.29"]
[EventType "tourn"]
[EventRounds "13"]
[EventCountry "UZB"]
[EventCategory "6"]
[SourceTitle "CBM 130 Extra"]
[Source "ChessBase"]
[SourceDate "2009.07.02"]
[SourceVersion "2"]
[SourceVersionDate "2009.07.15"]
[SourceQuality "1"]

1. d4 d5 2. c4 dxc4 3. Nf3 Nf6 4. e3 e6 5. Bxc4 c5 6. 0-0 Nc6 7. Qe2 cxd4 8. Rd1 Be7 9. exd4 0-0 10. Nc3 Nb4 11. Ne5 Nbd5 12. Bg5 Nxc3 13. bxc3 Nd5 14. Bxe7 Qxe7 15. Qf3 Rd8 16. Re1 Qc7 17. Bb3 b5 18. Nd3 Bb7 19. Nc5 Rac8 20. Re5 Ba8 21. Rae1 Nf6 22. Qh3 Bd5 23. Rg5 Qf4 24. Qh6 Kf8 25. Qxg7+ Ke7 26. Bxd5 Rg8 27. Rxe6+ Kd8 28. Qxg8+ Nxg8 29. Rxg8+ Kc7 30. Rc6+ 1-0

[Event "UZB-ch"]
[Site "Tashkent"]
[Date "2009.05.29"]
[Round "1"]
[White "Egin, Vladimir"]
[Black "Niyazmetov, Ruslan"]
[Result "1/2-1/2"]
[WhiteElo "2439"]
[BlackElo "2227"]
[PlyCount "54"]
[EventDate "2009.05.29"]
[EventType "tourn"]
[EventRounds "13"]
[EventCountry "UZB"]
[EventCategory "6"]
[SourceTitle "CBM 130 Extra"]
[Source "ChessBase"]
[SourceDate "2009.07.02"]
[SourceVersion "2"]
[SourceVersionDate "2009.07.15"]
[SourceQuality "1"]

1. e4 e5 2. Nf3 Nc6 3. Nc3 Nf6 4. d4 exd4 5. Nxd4 Bb4 6. Nxc6 bxc6 7. Bd3 d5 8. exd5 cxd5 9. 0-0 0-0 10. Bg5 Be6 11. Nb5 c5 12. a3 Ba5 13. b4 Bb6 14. c3 h6 15. Bh4 Rc8 16. bxc5 Rxc5 17. a4 Ba5 18. Bg3 Ne4 19. Bxe4 dxe4 20. Qd4 Qxd4 21. cxd4 Rc4 22. Rfd1 Bg4 23. Rdc1 Rfc8 24. Rcb1 Rd8 25. Rc1 Rdc8 26. Rcb1 Rd8 27. Rc1 Rdc8 1/2-1/2

[Event "UZB-ch 1st League"]
[Site "Tashkent"]
[Date "2009.04.22"]
[Round "12"]
[White "Saidov, Beqali"]
[Black "Niyazmetov, Ruslan"]
[Result "0-1"]
[WhiteElo "2345"]
[BlackElo "2227"]
[PlyCount "156"]
[EventDate "2009.04.11"]
[EventType "tourn"]
[EventRounds "13"]
[EventCountry "UZB"]
[SourceTitle "CBM 130 Extra"]
[Source "ChessBase"]
[SourceDate "2009.07.02"]
[SourceVersion "2"]
[SourceVersionDate "2009.07.15"]
[SourceQuality "1"]

1. e4 e5 2. Nf3 Nc6 3. Bb5 a6 4. Ba4 Nf6 5. 0-0 Be7 6. d4 exd4 7. Re1 b5 8. e5 Nxe5 9. Rxe5 bxa4 10. Qxd4 0-0 11. Nc3 h6 12. Qxa4 Rb8 13. Qd4 d6 14. Re1 Bf5 15. Qf4 Bh7 16. Nd4 Qd7 17. Qf3 d5 18. Qe2 c5 19. Nf3 Bd6 20. b3 d4 21. Na4 Rfe8 22. Qxa6 Rxe1+ 23. Nxe1 Qe6 24. Qf1 d3 25. Bb2 dxc2 26. Rc1 Bf4 27. Rxc2 Bxc2 28. Nxc2 Qe4 29. Qd1 c4 30. Nc5 Qf5 31. b4 Ng4 32. Qe2 Bxh2+ 33. Kf1 Bd6 34. Bd4 Qh5 35. Qe4 Bxc5 36. Bxc5 Nf6 37. Qxc4 Qh1+ 38. Ke2 Qxg2 39. Ne3 Qc6 40. a3 Nd7 41. Bd4 Qxc4+ 42. Nxc4 h5 43. Nd6 Ra8 44. Bb2 Nb6 45. b5 Rd8 46. Nf5 g6 47. Ne3 Na4 48. Be5 Re8 49. f4 Re6 50. Kd3 f6 51. Bd4 h4 52. Ke2 Rd6 53. Ba1 h3 54. Ng4 f5 55. Nf2 h2 56. Be5 Rd5 57. Kf3 g5 58. Kg3 Rd2 59. Nh1 g4 60. Bc7 Rb2 61. Be5 Rc2 62. Bd4 Rd2 63. Bf2 Rb2 64. Kxh2 Rxb5 65. Bd4 Rd5 66. Be5 Rd2+ 67. Kg1 Rd3 68. Kf2 Kf7 69. Ng3 Kg6 70. Ne2 Rf3+ 71. Kg2 Rxa3 72. Nd4 Nc3 73. Nc6 Ra2+ 74. Kf1 Nd5 75. Nd4 Ne3+ 76. Kg1 g3 77. Nf3 Rg2+ 78. Kh1 Rf2 0-1

[Event "UZB-ch 1st League"]
[Site "Tashkent"]
[Date "2009.04.13"]
[Round "3"]
[White "Hamrakulova, Yulduz"]
[Black "Niyazmetov, Ruslan"]
[Result "1/2-1/2"]
[WhiteElo "2191"]
[BlackElo "2227"]
[PlyCount "61"]
[EventDate "2009.04.11"]
[EventType "tourn"]
[EventRounds "13"]
[EventCountry "UZB"]
[SourceTitle "CBM 130 Extra"]
[Source "ChessBase"]
[SourceDate "2009.07.02"]
[SourceVersion "2"]
[SourceVersionDate "2009.07.15"]
[SourceQuality "1"]

1. d4 d5 2. Nf3 Nf6 3. c4 c6 4. e3 a6 5. Bd3 Bg4 6. h3 Bxf3 7. Qxf3 e6 8. 0-0 b5 9. b3 Nbd7 10. Qe2 Be7 11. Nd2 0-0 12. e4 bxc4 13. bxc4 dxe4 14. Nxe4 c5 15. Bb2 Rb8 16. dxc5 Nxe4 17. Bxe4 Nxc5 18. Rad1 Qa5 19. Bb1 Rfd8 20. Be5 Rxd1 21. Rxd1 Rd8 22. Rxd8+ Qxd8 23. g3 Bf6 24. Bf4 g6 25. Kg2 Qa8+ 26. Qf3 Qxf3+ 27. Kxf3 Kf8 28. Be3 Be7 29. Be4 h5 30. Bxc5 Bxc5 31. Bb7 1/2-1/2

[Event "Agzamov Memorial 03rd"]
[Site "Tashkent"]
[Date "2009.03.23"]
[Round "7"]
[White "Jumabayev, Rinat"]
[Black "Niyazmetov, Ruslan"]
[Result "1/2-1/2"]
[WhiteElo "2522"]
[BlackElo "2227"]
[PlyCount "114"]
[EventDate "2009.03.15"]
[EventType "swiss"]
[EventRounds "9"]
[EventCountry "UZB"]
[SourceTitle "CBM 129 Extra"]
[Source "ChessBase"]
[SourceDate "2009.05.05"]
[SourceVersion "2"]
[SourceVersionDate "2009.05.20"]
[SourceQuality "1"]

1. Nf3 Nf6 2. d4 g6 3. g3 Bg7 4. Bg2 0-0 5. c4 d6 6. 0-0 Nc6 7. Nc3 a6 8. d5 Na5 9. Nd2 c5 10. Qc2 Rb8 11. Rb1 e6 12. a3 exd5 13. Nxd5 Be6 14. b4 Nc6 15. Nb3 cxb4 16. axb4 Rc8 17. Rd1 Nxd5 18. cxd5 Nd4 19. Qd3 Rc3 20. Nxd4 Rxd3 21. Rxd3 Bg4 22. h3 Bd7 23. Be3 Qe7 24. Rc1 Rc8 25. Rxc8+ Bxc8 26. Rc3 Qd8 27. Rc1 Bd7 28. Nb3 Bb2 29. Rc2 Ba3 30. Bd2 Qb6 31. Rc4 Bb2 32. Be3 Qb5 33. Nd2 Bf6 34. Bf4 Be7 35. e4 Qb6 36. Nb3 Qd8 37. Na5 Qb8 38. Rc1 f5 39. exf5 Bxf5 40. Nc4 h5 41. Be3 Qe8 42. Na5 Qa4 43. Rc7 Bf6 44. Rxb7 Qd1+ 45. Kh2 Bd4 46. Rb8+ Kg7 47. Rb7+ Kg8 48. Rb8+ Kg7 49. Rb7+ Kf6 50. Nc4 Bxe3 51. Nxe3 Qe1 52. Rb6 Qxf2 53. Rxd6+ Kf7 54. Nxf5 gxf5 55. Rxa6 f4 56. gxf4 Qxf4+ 57. Kh1 Qc1+ 1/2-1/2

[Event "UZB-ch"]
[Site "Tashkent"]
[Date "2008.04.29"]
[Round "6"]
[White "Kasyan, Aleksandr"]
[Black "Niyazmetov, Ruslan"]
[Result "1-0"]
[WhiteElo "2314"]
[BlackElo "2202"]
[PlyCount "103"]
[EventDate "2008.04.24"]
[EventType "tourn"]
[EventRounds "11"]
[EventCountry "UZB"]
[EventCategory "7"]
[SourceTitle "CBM 123 Extra"]
[Source "ChessBase"]
[SourceDate "2008.05.06"]
[SourceVersion "1"]
[SourceVersionDate "2008.05.06"]
[SourceQuality "1"]

1. d4 Nf6 2. c4 g6 3. Nc3 Bg7 4. e4 d6 5. Be2 0-0 6. Bg5 c6 7. Qd2 e5 8. d5 cxd5 9. cxd5 a6 10. f3 b5 11. g4 Nbd7 12. h4 Nc5 13. b4 Ncd7 14. a4 bxa4 15. Nxa4 Rb8 16. Nh3 Qc7 17. Nf2 Qb7 18. Rb1 Nc5 19. Nc3 Ncd7 20. 0-0 h5 21. Be3 hxg4 22. fxg4 Nb6 23. Qa2 Ra8 24. Qa5 Nfd7 25. b5 axb5 26. Qxb5 Rb8 27. Qc6 Bf6 28. Qxd6 Bd8 29. Bb5 Bc7 30. Qa3 Bd8 31. g5 Ra8 32. Qb4 Qc7 33. Bc6 Ra6 34. Bb5 Be7 35. Qxe7 Qxc3 36. Ng4 Ra2 37. Rxf7 Qxe3+ 38. Nxe3 Rxf7 39. Qe8+ Nf8 40. Qxe5 Rf3 41. Rf1 Nbd7 42. Bxd7 Rxf1+ 43. Kxf1 Bxd7 44. Qf6 Bb5+ 45. Kg1 Ra3 46. Qf2 Nd7 47. Ng4 Ra1+ 48. Kh2 Rf1 49. Qb2 Bd3 50. Qb7 Nf8 51. Nf6+ Kh8 52. Qe7 1-0

[Event "UZB-ch"]
[Site "Tashkent"]
[Date "2008.04.26"]
[Round "3"]
[White "Dzhumaev, Marat"]
[Black "Niyazmetov, Ruslan"]
[Result "1-0"]
[WhiteElo "2557"]
[BlackElo "2202"]
[PlyCount "75"]
[EventDate "2008.04.24"]
[EventType "tourn"]
[EventRounds "11"]
[EventCountry "UZB"]
[EventCategory "7"]
[SourceTitle "CBM 123 Extra"]
[Source "ChessBase"]
[SourceDate "2008.05.06"]
[SourceVersion "1"]
[SourceVersionDate "2008.05.06"]
[SourceQuality "1"]

1. e4 e5 2. Nf3 Nc6 3. Bb5 a6 4. Ba4 Nf6 5. 0-0 Be7 6. Re1 b5 7. Bb3 0-0 8. a4 Bb7 9. d3 d6 10. Nc3 Na5 11. Ba2 b4 12. Ne2 Rb8 13. Ng3 c5 14. Nd2 Bc8 15. Nc4 Bg4 16. Qd2 Be6 17. Nxa5 Qxa5 18. Nf5 Qc7 19. Qg5 g6 20. Nxe7+ Qxe7 21. Qh4 Bxa2 22. Bg5 Kg7 23. f4 b3 24. Rf1 Rb6 25. c4 h5 26. a5 Rc6 27. Rf3 d5 28. exd5 e4 29. Re1 Qc7 30. dxe4 Nh7 31. e5 f6 32. dxc6 fxg5 33. fxg5 Rxf3 34. gxf3 Kf7 35. Qe4 Qe7 36. e6+ Kg7 37. Qe5+ Kg8 38. c7 1-0

[Event "UZB-ch 1st League"]
[Site "Bukhara"]
[Date "2008.04.14"]
[Round "9"]
[White "Niyazmetov, Ruslan"]
[Black "Kayumov, Sergey"]
[Result "1-0"]
[WhiteElo "2202"]
[BlackElo "2479"]
[PlyCount "124"]
[EventDate "2008.04.06"]
[EventType "tourn"]
[EventRounds "11"]
[EventCountry "UZB"]
[EventCategory "1"]
[SourceTitle "EXT 2015"]
[Source "ChessBase"]
[SourceDate "2014.11.20"]
[SourceVersion "1"]
[SourceVersionDate "2014.11.20"]
[SourceQuality "1"]

1. e4 e6 2. d4 d5 3. Nc3 Nf6 4. Bg5 Bb4 5. e5 h6 6. Bd2 Bxc3 7. bxc3 Ne4 8. Qg4 Kf8 9. h4 c5 10. Bd3 Nxd2 11. Kxd2 c4 12. Be2 b5 13. Nh3 a5 14. a3 Nc6 15. Nf4 Rg8 16. Rh3 Ne7 17. Nh5 Bd7 18. Rb1 Rb8 19. Qf4 Ng6 20. Qh2 Rb6 21. f4 Qb8 22. Ra1 Ne7 23. g4 Nc6 24. Qf2 b4 25. axb4 axb4 26. cxb4 Rxb4 27. Rha3 c3+ 28. Kxc3 Qc7 29. Bd3 Nxe5+ 30. Kxb4 Ke7 31. Kb3 Rb8+ 32. Ka2 Nc4 33. Bxc4 Qxc4+ 34. Rb3 Ba4 35. Rab1 g6 36. Ng3 Rc8 37. R1b2 Bxb3+ 38. Rxb3 Ra8+ 39. Kb2 Qa4 40. Kc1 Rc8 41. Qe3 Qa1+ 42. Kd2 Qa5+ 43. Rc3 Rc4 44. Ne2 f6 45. g5 hxg5 46. hxg5 fxg5 47. fxg5 Qb4 48. Qe5 Kd7 49. Qf6 Rc8 50. Qf7+ Kd6 51. Qf4+ Kd7 52. Qf3 Rf8 53. Qg3 Rc8 54. Kc1 Rxc3 55. Qxc3 Qe7 56. Qe3 Qb4 57. Nf4 Qd6 58. Nxg6 Qa6 59. Nf8+ Kc7 60. Nxe6+ Kb6 61. Nc5 Qf1+ 62. Kb2 Qh3 1-0